Representando la amenaza "inmigrante" en los medios /
Պահպանված է:
| Հիմնական հեղինակ: | |
|---|---|
| Ձևաչափ: | Տեքստ |
| Խորագրեր: | |
| Ցուցիչներ: |
Ավելացրեք ցուցիչ
Չկան պիտակներ, Եղեք առաջինը, ով նշում է այս գրառումը!
|
MARC
| LEADER | 00000 a a2200000 04500 | ||
|---|---|---|---|
| 001 | 47906 | ||
| 003 | |||
| 040 | |||
| 100 | |a Sandoval García, Carlos | ||
| 245 | |a Representando la amenaza "inmigrante" en los medios / |c Carlos Sandoval García | ||
| 650 | |a MIGRANTES | ||
| 650 | |2 MACROTHESAUROS DE LA OCDE/ | ||
| 650 | |a NICARAGUENSES | ||
| 650 | |2 MACROTHESAUROS DE LA OCDE/ | ||
| 650 | |a MEDIOS DE COMUNICACION DE MASAS | ||
| 650 | |2 MACROTHESAUROS DE LA OCDE/ | ||
| 650 | |a NOTICIAS DE PRENSA | ||
| 650 | |2 MACROTHESAUROS DE LA OCDE/ | ||
| 650 | |a ANALISIS DE CONTENIDO | ||
| 650 | |2 MACROTHESAUROS DE LA OCDE/ | ||
| 650 | |a DELINCUENCIA | ||
| 650 | |2 MACROTHESAUROS DE LA OCDE/ | ||
| 650 | |a IDENTIDAD CULTURAL | ||
| 650 | |2 MACROTHESAUROS DE LA OCDE/ | ||
| 773 | |g Capítulo 2, páginas 45-106 | ||
| 999 | |c 26012 |d 26012 | ||
